| 000 | 00561nam a22001697a 4500 | ||
|---|---|---|---|
| 008 | 161104b xxu||||| |||| 00| 0 eng d | ||
| 020 | _a9710412860 | ||
| 082 |
_22014 _aDFil 613.71 _bSu77p |
||
| 100 |
_916888 _aSurio, Cecilia B. |
||
| 245 |
_aPhysical fitness and basketball/ _cCecilia B. Surio. |
||
| 260 |
_aMandaluyong City: _bBooks Atbp. Publishing Corp., _cc2014. |
||
| 300 |
_aviii, 145 pages: _billustrations; _c22 cm. |
||
| 500 | _aIncludes bibliographical references. | ||
| 650 | 0 |
_916891 _aPhysical fitness |
|
| 365 |
_b390.00 _cPhp |
||
| 942 |
_2ddc _cDFIL |
||
| 999 |
_c5485 _d5485 |
||